header

Molecular aggregation (Record no. 7401)

MARC details
000 -LEADER
fixed length control field 01642nam a2200409 a 4500
001 - CONTROL NUMBER
control field ebr10271535
003 - CONTROL NUMBER IDENTIFIER
control field CaPaEBR
006 - FIXED-LENGTH DATA ELEMENTS--ADDITIONAL MATERIAL CHARACTERISTICS--GENERAL INFORMATION
fixed length control field m u
007 - PHYSICAL DESCRIPTION FIXED FIELD--GENERAL INFORMATION
fixed length control field cr cn|||||||||
008 - FIXED-LENGTH DATA ELEMENTS--GENERAL INFORMATION
fixed length control field 060816s2007 enka sb 001 0 eng
010 ## - LIBRARY OF CONGRESS CONTROL NUMBER
Canceled/invalid LC control number 2006027156
015 ## - NATIONAL BIBLIOGRAPHY NUMBER
National bibliography number GBA671663
Source bnb
016 7# - NATIONAL BIBLIOGRAPHIC AGENCY CONTROL NUMBER
Canceled or invalid record control number 013536570
Source Uk
020 ## - INTERNATIONAL STANDARD BOOK NUMBER
Cancelled/invalid ISBN 0198570805 (alk. paper)
Cancelled/invalid ISBN 9780198570806 (alk. paper)
040 ## - CATALOGING SOURCE
Original cataloging agency CaPaEBR
Transcribing agency CaPaEBR
035 ## - SYSTEM CONTROL NUMBER
System control number (OCoLC)252629093
050 14 - LIBRARY OF CONGRESS CALL NUMBER
Classification number QD921
Item number .G38 2007eb
082 04 - DEWEY DECIMAL CLASSIFICATION NUMBER
Classification number 548
Edition number 22
100 1# - MAIN ENTRY--PERSONAL NAME
Personal name Gavezzotti, Angelo.
245 10 - TITLE STATEMENT
Title Molecular aggregation
Medium [electronic resource] :
Remainder of title structure analysis and molecular simulation of crystals and liquids /
Statement of responsibility, etc Angelo Gavezzotti.
260 ## - PUBLICATION, DISTRIBUTION, ETC. (IMPRINT)
Place of publication, distribution, etc Oxford ;
-- New York :
Name of publisher, distributor, etc Oxford University Press,
Date of publication, distribution, etc 2007.
300 ## - PHYSICAL DESCRIPTION
Extent xv, 425 p. :
Other physical details ill.
490 1# - SERIES STATEMENT
Series statement IUCr Monographs on crystallography ;
Volume number/sequential designation 19
504 ## - BIBLIOGRAPHY, ETC. NOTE
Bibliography, etc Includes bibliographical references and index.
533 ## - REPRODUCTION NOTE
Type of reproduction Electronic reproduction.
Place of reproduction Palo Alto, Calif. :
Agency responsible for reproduction ebrary,
Date of reproduction 2013.
Note about reproduction Available via World Wide Web.
-- Access may be limited to ebrary affiliated libraries.
650 #0 - SUBJECT ADDED ENTRY--TOPICAL TERM
Topical term or geographic name as entry element Crystallography.
Topical term or geographic name as entry element Intermolecular forces
General subdivision Computer simulation.
Topical term or geographic name as entry element Molecular dynamics
General subdivision Computer simulation.
Topical term or geographic name as entry element Quantum chemistry
General subdivision Computer simulation.
Topical term or geographic name as entry element Crystals.
Topical term or geographic name as entry element Liquids.
655 #7 - INDEX TERM--GENRE/FORM
Genre/form data or focus term Electronic books.
Source of term local
710 2# - ADDED ENTRY--CORPORATE NAME
Corporate name or jurisdiction name as entry element ebrary, Inc.
830 #0 - SERIES ADDED ENTRY--UNIFORM TITLE
Uniform title International Union of Crystallography monographs on crystallography ;
Volume number/sequential designation 19.
856 40 - ELECTRONIC LOCATION AND ACCESS
Uniform Resource Identifier <a href="http://site.ebrary.com/lib/rucke/Doc?id=10271535">http://site.ebrary.com/lib/rucke/Doc?id=10271535</a>
Public note An electronic book accessible through the World Wide Web; click to view

No items available.

© 2026 Rongo University
Contact us: librarian | system librarian | Rongo university